Normal view
MARC view
- Woods, Peter.
Entry Personal Name
001 - CONTROL NUMBER
- control field: 57332
003 - CONTROL NUMBER IDENTIFIER
- control field: OSt
005 - DATE AND TIME OF LATEST TRANSACTION
- control field: 20240530090807.0
008 - FIXED-LENGTH DATA ELEMENTS
- fixed length control field: 240530|| aca||aabn | a|a d
040 ## - CATALOGING SOURCE
- Original cataloging agency: OSt
- Transcribing agency: OSt
100 ## - HEADING--PERSONAL NAME
- Personal name: Woods, Peter.
670 ## - SOURCE DATA FOUND
- Source citation: Work cat.: (OSt): Woods, Peter., Critical events in teaching and learning /, ©1993.
